000 00373nam a22001457a 4500
003 MACL
005 20171224125658.0
008 171224b xxu||||| |||| 00| 0 eng d
040 _cMACL
100 _aparanjape, Makarand R.
_969763
245 _aCultural Politics: In modern India
260 _aNew York
_bRoutledge
_c2016
650 _aPolitics
_969764
942 _2ddc
_cBK
999 _c57226
_d57226